=LDR 00000nam 2200000 4500 =001 INLIS000000000025636 =005 20130612124129 =008 ***********************************Ind** =035 ##$$0010-061300000025636 =041 ##$$a Ind =082 ##$$a 398.209 598 21 =090 ##$$a 398.209 598 21, Set c =100 ##$$a Setiawan, A =245 ##$$a Cerita Rakyat Jawa Barat, Syekh Haji Abdul Muhyi (Waliyullah Pamijahan-Tasikmalaya) Penyebar Agama Islam di Jawa Barat, A.Setiawan; U. Syahbudin =260 ##$$a 2006 $b Bandung =300 ##$$a 128 hlm, ilus, 31 cm =850 ##$$a NBPNMAT